000
00286nam a2200121Ia 4500
008
190216s9999||||xx |||||||||||||| ||und||
100
_a
Kothari C R
245
0
_a
Quantitative Techniques
260
_b
Vikas Publishing House
_c
1978
300
_a
596
650
_a
Economics
942
_c
BK
999
_c
11530
_d
11530